000 00294nam a2200109Ia 4500
008 220204s9999 xx 000 0 und d
082 _aNR:62TSR
_bWEE
100 _aWeereratne, Sheana
245 0 _aCurrent status of technically specified rubbers - an update
260 _aU K
_bIRSG
942 _cBK
999 _c41348
_d41348